<?xml version="1.0" encoding="UTF-8"?><?xml-stylesheet type="text/xsl" href="static/style.xsl"?><OAI-PMH xmlns="http://www.openarchives.org/OAI/2.0/" xmlns:xsi="http://www.w3.org/2001/XMLSchema-instance" xsi:schemaLocation="http://www.openarchives.org/OAI/2.0/ http://www.openarchives.org/OAI/2.0/OAI-PMH.xsd"><responseDate>2026-04-29T20:47:17Z</responseDate><request verb="GetRecord" identifier="oai:repisalud.isciii.es:20.500.12105/8491" metadataPrefix="marc">https://repisalud.isciii.es/rest/oai/request</request><GetRecord><record><header><identifier>oai:repisalud.isciii.es:20.500.12105/8491</identifier><datestamp>2026-04-06T14:48:55Z</datestamp><setSpec>com_20.500.12105_2052</setSpec><setSpec>com_20.500.12105_2051</setSpec><setSpec>col_20.500.12105_19613</setSpec></header><metadata><record xmlns="http://www.loc.gov/MARC21/slim" xmlns:dcterms="http://purl.org/dc/terms/" xmlns:doc="http://www.lyncode.com/xoai" xmlns:xsi="http://www.w3.org/2001/XMLSchema-instance" xsi:schemaLocation="http://www.loc.gov/MARC21/slim http://www.loc.gov/standards/marcxml/schema/MARC21slim.xsd">
   <leader>00925njm 22002777a 4500</leader>
   <datafield ind2=" " ind1=" " tag="042">
      <subfield code="a">dc</subfield>
   </datafield>
   <datafield ind2=" " ind1=" " tag="720">
      <subfield code="a">Román Calderón, Francisco</subfield>
      <subfield code="e">author</subfield>
   </datafield>
   <datafield ind2=" " ind1=" " tag="260">
      <subfield code="c">2019</subfield>
   </datafield>
   <datafield ind2=" " ind1=" " tag="520">
      <subfield code="a">Introducción y objetivo: Evaluar y caracterizar el riesgo de sesgos existentes en&#xd;
ensayos clínicos aleatorizados publicados en revistas de alto impacto que hayan&#xd;
sido altamente citados.&#xd;
Métodos: Análisis transversal de los artículos publicados en las revistas médicas&#xd;
con un factor de impacto > 10 (según el Journal Citation Reports publicado en&#xd;
2017). Se realizaron búsquedas en PubMed/MEDLINE (desde su inicio hasta el 31&#xd;
de diciembre de 2017) para todos los artículos relacionados con ensayos clínicos&#xd;
aleatorizados y controlados de intervenciones sanitarias con al menos 500 citas. Se&#xd;
extrajo información general de las características de los estudios y se evaluó el&#xd;
riesgo de sesgo utilizando la herramienta Cochrane para evaluar ensayos clínicos&#xd;
(7 dominios evaluados como riesgo alto, riesgo bajo o poco claro). Se realizaron&#xd;
análisis descriptivos con conteos de frecuencias, proporciones y diferencia de&#xd;
proporciones para una muestra aleatoria de estudios.&#xd;
Resultados: Se evaluaron 40 ensayos clínicos con al menos 500 citas. Los artículos&#xd;
fueron publicados principalmente en cinco revistas (The New England Journal of&#xd;
Medicine: n=27; 67,5%; y The Lancet: n=9; 22,5%). La mitad (n=19; 47,5%) no&#xd;
indicó la disponibilidad del protocolo del estudio. Tan solo un 5% (n=2) fue publicado&#xd;
en acceso abierto. Principalmente se evaluaron intervenciones farmacológicas&#xd;
(n=22; 55%). Hubo gran diversidad en las indicaciones o enfermedades estudiadas.&#xd;
El 95% (n=38) de los estudios excluyó a pacientes con&#xd;
comorbilidad/multimorbilidad. Se clasificó el riesgo general de sesgo de los estudios&#xd;
como: “Alto riesgo” (al menos un dominio tenía alto riesgo) en 31 estudios (77,5%),&#xd;
“Poco claro” (al menos un dominio tenía riesgo incierto y ningún dominio presentaba&#xd;
alto riesgo) en 7 estudios (17,5%), y “Bajo riesgo” (todos los dominios tenían un&#xd;
bajo riesgo de sesgo) en 2 estudios (5%).&#xd;
Conclusión: Los ensayos clínicos altamente citados que se publican en revistas de&#xd;
alto impacto no están exentos de potenciales sesgos. En qué medida estos sesgos&#xd;
pueden afectar a la práctica clínica necesita ser más estudiado.</subfield>
   </datafield>
   <datafield ind1="8" ind2=" " tag="024">
      <subfield code="a">http://hdl.handle.net/20.500.12105/8491</subfield>
   </datafield>
   <datafield tag="653" ind2=" " ind1=" ">
      <subfield code="a">Riesgo de sesgo</subfield>
   </datafield>
   <datafield tag="653" ind2=" " ind1=" ">
      <subfield code="a">Ensayo clínico aleatorizado</subfield>
   </datafield>
   <datafield tag="653" ind2=" " ind1=" ">
      <subfield code="a">Factor de impacto</subfield>
   </datafield>
   <datafield tag="653" ind2=" " ind1=" ">
      <subfield code="a">Metainvestigación</subfield>
   </datafield>
   <datafield tag="653" ind2=" " ind1=" ">
      <subfield code="a">Revisión sistemática</subfield>
   </datafield>
   <datafield tag="653" ind2=" " ind1=" ">
      <subfield code="a">Colaboración Cochrane</subfield>
   </datafield>
   <datafield ind2="0" ind1="0" tag="245">
      <subfield code="a">Sesgos en ensayos clínicos aleatorizados altamente citados publicados en revistas médicas con alto factor de impacto</subfield>
   </datafield>
</record></metadata></record></GetRecord></OAI-PMH>